000 00323nam a2200145 i 4500
001 bg
100 1 _aSĘKOWSKI, S.
245 0 _aWalka z korozją trwa /
_cS. Sękowski.
250 _aWyd.2.
260 _aWarszawa,
_c1976.
040 _cBPK
041 _apol
942 _cKS
008 s pl f |000 0 pol
999 _c26941
_d26941
856 _uhttp://koha.tu.koszalin.pl/cgi-bin/koha/opac-detail.pl?biblionumber=26941
_yKatalog online BPK